000 00292nam a22001337a 4500
008 180904b xxu||||| |||| 00| 0 eng d
020 _a9780393967753
041 _aeng
080 _a338
100 _a53
101 _aMNG
245 _aManagerial Economics
_cMansfield, E
942 _2udc
_cBK
999 _c47502
_d47502